00453nam a2200157Ia 4500003000400000008004100004040001600045082001800061100002400079245006000103300001100163490001600174650002800190650003000218650004700248GCL140319s9999 xx 000 0 ara d aGCL / cGCL04a813.01bث ن1 aثروت اباظة10aنقوش من ذهب ونحاس / cثروت اباظة a232 ص aكتابv004aالادب العربى04aالقصص العربية04aالقصص العربية - مجموعات